| 000 | 00995 a2200253 4500 | ||
|---|---|---|---|
| 003 | Nust | ||
| 005 | 20170207153540.0 | ||
| 010 | _a 2003066178 | ||
| 020 | _a0195142527 | ||
| 040 | _cNust | ||
| 082 | 0 | 0 | _a621.381 |
| 100 | 1 | _aSedra, Adel S. | |
| 245 | 1 | 0 |
_aMicroelectronic circuits / _cAdel S. Sedra, Kenneth C. Smith. |
| 250 | _a5th ed. | ||
| 260 |
_aNew York : _bOxford University Press, _c2004. |
||
| 300 |
_a1 v. (various pagings) : _bill. (some col.) ; _c26 cm. + _e1 CD-ROM (4 3/4 in.) |
||
| 440 | 4 | _aThe Oxford series in electrical and computer engineering | |
| 650 | 0 | _aElectronic circuits. | |
| 650 | 0 | _aIntegrated circuits. | |
| 700 | 1 | _aSmith, Kenneth Carless. | |
| 856 | 4 | 2 |
_3Contributor biographical information _uhttp://www.loc.gov/catdir/enhancements/fy0723/2003066178-b.html |
| 856 | 4 | 2 |
_3Publisher description _uhttp://www.loc.gov/catdir/enhancements/fy0615/2003066178-d.html |
| 856 | 4 | 2 |
_3Table of contents only _uhttp://www.loc.gov/catdir/enhancements/fy0636/2003066178-t.html |
| 942 |
_2ddc _cBK |
||
| 999 |
_c188365 _d188365 |
||